[Event "New Hampshire op 45th"]
[Site "Nashua"]
[Date "1995.??.??"]
[Round "2"]
[White "Cappallo, Rigel"]
[Black "Khots, D."]
[Result "1-0"]
[WhiteElo "2110"]
[BlackElo "1920"]
[PlyCount "35"]
[EventDate "1995.07.??"]
[EventType "swiss"]
[EventRounds "5"]
[EventCountry "USA"]
[SourceTitle "EXT 2005"]
[Source "ChessBase"]
[SourceDate "2004.11.15"]
[SourceVersion "1"]
[SourceVersionDate "2004.11.15"]
[SourceQuality "1"]

1. e4 c5 2. Nf3 d6 3. d4 cxd4 4. Nxd4 Nf6 5. Nc3 a6 6. Bg5 e6 7. f4 Be7 8. Qf3 Qc7 9. 0-0-0 b5 10. Bxf6 Bxf6 11. Bxb5+ axb5 12. Ndxb5 Qc6 13. Rxd6 Qc5 14. e5 Bxe5 15. fxe5 Ra5 16. Rf1 0-0 17. Ne4 Qxb5 18. Qxf7+ 1-0